Broken promises? (Record no. 83978)
[ view plain ]
| 000 -LEADER | |
|---|---|
| fixed length control field | 01073cab a22002055a 4500 |
| 001 - CONTROL NUMBER | |
| control field | L156262 |
| 008 - FIXED-LENGTH DATA ELEMENTS--GENERAL INFORMATION | |
| fixed length control field | 120509e20120427xxk 000 0 eng d |
| 035 ## - SYSTEM CONTROL NUMBER | |
| System control number | (Sirsi) u156262 |
| 041 0# - LANGUAGE CODE | |
| Language code of text/sound track or separate title | eng |
| 100 1# - MAIN ENTRY--PERSONAL NAME | |
| Personal name | Gatty, David |
| 245 00 - TITLE STATEMENT | |
| Title | Broken promises? |
| 260 ## - PUBLICATION, DISTRIBUTION, ETC. | |
| Date of publication, distribution, etc. | 2012 |
| 490 ## - SERIES STATEMENT | |
| Series statement | New Law Journal |
| Volume/sequential designation | 162(7511) 27 April 2012, 563-564(2) |
| 520 ## - SUMMARY, ETC. | |
| Summary, etc. | Highlights the pitfalls owner occupiers can face when entering into sale and rent back (SRBs) arrangements which allows the vendor ro remain in occupation under a lease granted by the purchaser. Where the SRB purchase is mortgage-funded and the mortgage provider is unaware that the vendor is to remain in occupation, the occupier can find himself/herself in a vulnerable position should the SRB purchaser default. CA has considered four test cases brought by SRB occupiers as a cojoined appeal "Cook v The Mortgage Business plc" and othes [2012] EWCA Civ 17. |
| 590 ## - LOCAL NOTE (RLIN) | |
| Local note | KA |
| 651 #4 - SUBJECT ADDED ENTRY--GEOGRAPHIC NAME | |
| Geographic name | England and Wales |
| Chronological subdivision | 1543- |
| 690 ## - LOCAL SUBJECT ADDED ENTRY--TOPICAL TERM (OCLC, RLIN) | |
| Topical term or geographic name as entry element | Landlord and tenant |
| 9 (RLIN) | 6252 |
| 690 ## - LOCAL SUBJECT ADDED ENTRY--TOPICAL TERM (OCLC, RLIN) | |
| Topical term or geographic name as entry element | Residential property |
| 9 (RLIN) | 6266 |
| 942 ## - ADDED ENTRY ELEMENTS (KOHA) | |
| Suppress in OPAC | 0 |
| Withdrawn status | Lost status | Source of classification or shelving scheme | Damaged status | Not for loan | Home library | Current library | Shelving location | Date acquired | Total Checkouts | Full call number | Barcode | Date last seen | Copy number | Price effective from | Koha item type |
|---|---|---|---|---|---|---|---|---|---|---|---|---|---|---|---|
| Dewey Decimal Classification | London | London | Journal article | 09/05/2012 | L156262 | 156262-1001 | 06/08/2019 | 1 | 06/08/2019 | Journal article |